000 00697nam a2200265Ia 4500
005 20260306164512.0
008 008 260114s9999 xx 000 0 eng d
020 _a9780190216825
037 _aEBOOK
040 _aCRL
040 _beng
040 _cCRL
041 _2eng
041 _aeng
084 _qCRL
100 _aYann Bramoullé, Andrea Galeotti, Brian W. Rogers
_91130908
245 4 _aThe Oxford Handbook Of The Economics Of Networks
260 _bOxford University Press
260 _c2016
650 _aBusiness Economics & Finance
856 _uhttps://academic.oup.com/edited-volume/28058
942 _cEBOOK
999 _c1714306
_d1714306